Strategic AI Integration in Business Intelligence
Gespeichert in:
| Weitere Verfasser: | , , |
|---|---|
| Format: | Buch |
| Sprache: | Englisch |
| Veröffentlicht: |
Hershey
IGI Global Scientific Publishing
2026
|
| Schlagworte: | |
| Tags: |
Keine Tags, Fügen Sie das erste Tag hinzu!
|
MARC
| LEADER | 00000nam a2200000 4500 | ||
|---|---|---|---|
| 001 | 0312799 | ||
| 005 | 20251121123739.0 | ||
| 020 | |a 9798337368030 | ||
| 041 | 0 | |a eng | |
| 044 | |a US | ||
| 245 | 1 | 0 | |a Strategic AI Integration in Business Intelligence |c [Edited by] Abdelraouf Ishtaiwi ... [et al.] |
| 264 | 1 | |a Hershey |b IGI Global Scientific Publishing |c 2026 | |
| 300 | |a 353 s. | ||
| 500 | |a ProQuest e-books. | ||
| 610 | 2 | 0 | |a business intelligence |
| 610 | 2 | 0 | |a inteligencia umelá |
| 610 | 2 | 0 | |a učenie strojové |
| 610 | 2 | 0 | |a Big Data |
| 700 | 1 | |a Ishtaiwi, Abdelraouf | |
| 700 | 1 | |a Al-Qerem, Ahmad | |
| 700 | 1 | |a Al Khaldy, Mohammad | |